000
00503nam a2200169Ia 4500
008
090711s9999 xx 000 0 und d
082
_b
55343
100
_a
पंत अप्पा
245
_a
मुलखा वेगळा राजा
260
_c
1986
300
_a
116
600
_a
पंत अप्पा
630
_a
मुलखा वेगळा राजा
700
_a
पंत अप्पा
730
_a
मुलखा वेगळा राजा
942
_c
BOOK
999
_c
318956
_d
318956